| 000 -LEADER | |
|---|---|
| fixed length control field | 00422nam a2200157 a 4500 |
| 001 - CONTROL NUMBER | |
| control field | :::00020358$&:&@@ |
| 003 - CONTROL NUMBER IDENTIFIER | |
| control field | OkBaRHE |
| 005 - DATE AND TIME OF LATEST TRANSACTION | |
| control field | 20020222150849.0 |
| 008 - FIXED-LENGTH DATA ELEMENTS--GENERAL INFORMATION | |
| fixed length control field | j 000 0 eng u |
| 040 ## - CATALOGING SOURCE | |
| Transcribing agency | |
| 100 1# - MAIN ENTRY--PERSONAL NAME | |
| Personal name | Norris, J. Frank |
| 245 10 - TITLE STATEMENT | |
| Title | Lectures on Romans. |
| 300 ## - PHYSICAL DESCRIPTION | |
| Extent | 195 P. |
| 942 ## - ADDED ENTRY ELEMENTS (KOHA) | |
| Source of classification or shelving scheme | |
| Koha item type | Books |
| Source of classification or shelving scheme | Not for loan | Damaged status | Withdrawn status | Date last seen | Shelving location | Barcode | Permanent Location | Date acquired | Copy number | Koha item type | Price effective from | Full call number | Lost status |
|---|---|---|---|---|---|---|---|---|---|---|---|---|---|
| 2018-03-28 | General Stacks | 20358 | RHEMA Bible Training College | 2010-04-14 | 1 | Books | 2010-04-14 | BS 2665 .N6 |